[Event "GER-ch U10 Girls"]
[Site "Willingen"]
[Date "2017.06.09"]
[Round "9"]
[White "Roncea, Andrea Alexandra"]
[Black "Ramien, Hannah"]
[Result "1-0"]
[WhiteElo "1179"]
[BlackElo "1243"]
[PlyCount "127"]
[EventDate "2017.06.04"]
[EventType "swiss"]
[EventRounds "11"]
[EventCountry "GER"]
[SourceTitle "CBM 178 Extra"]
[Source "ChessBase"]
[SourceDate "2017.06.22"]
[SourceVersion "1"]
[SourceVersionDate "2017.06.22"]
[SourceQuality "1"]

1. e4 e5 2. Nf3 Nc6 3. Bc4 Nf6 4. d3 Be7 5. 0-0 0-0 6. Re1 d6 7. c3 Na5 8. Bb5 c6 9. Ba4 b5 10. Bc2 c5 11. Nbd2 Nc6 12. Nf1 h6 13. Ng3 Re8 14. h3 Bf8 15. d4 cxd4 16. cxd4 Qc7 17. dxe5 dxe5 18. Qe2 Nb4 19. Bb3 a6 20. Be3 Qb7 21. Bd2 Bd7 22. Bc3 Bd6 23. Red1 Bc7 24. Bxb4 a5 25. Be1 Bc6 26. Bc2 b4 27. Rac1 Rad8 28. Rxd8 Rxd8 29. Bb3 a4 30. Bxf7+ Kxf7 31. Qc4+ Kg6 32. Qxc6 Qxc6 33. Rxc6 Bd6 34. Nf5 Bb8 35. Bxb4 Kh7 36. Nd6 Bxd6 37. Rxd6 Rxd6 38. Bxd6 Nxe4 39. Bxe5 Nc5 40. Kf1 g5 41. Ke2 Kg6 42. Ke3 Kf5 43. Bd4 Ne4 44. g4+ Ke6 45. Kxe4 Kf7 46. b3 axb3 47. axb3 Ke7 48. b4 Kd6 49. Kf5 Kc6 50. Kg6 Kb5 51. Bc5 Kc6 52. Kxh6 Kb5 53. Kxg5 Kc6 54. h4 Kb5 55. h5 Kc6 56. h6 Kb5 57. h7 Kc6 58. h8Q Kb5 59. Qd4 Kc6 60. b5+ Kxb5 61. Qd5 Ka4 62. Qb7 Ka5 63. Qb4+ Ka6 64. Qb6# 1-0